Производство заготовок быстрорежущего инструмента в условиях сверхпластичности

Podrobná bibliografie
Hlavní autor: Гвоздев А. Е. Александр Евгеньевич
Jazyk:ruština
Vydáno: Москва, Машиностроение, 1992
Témata:
Médium: Kniha
KOHA link:https://koha.lib.tpu.ru/cgi-bin/koha/opac-detail.pl?biblionumber=40082

MARC

LEADER 00000nam0a2200000 4500
001 40082
005 20231031012054.0
010 |a 5217014717 
035 |a (RuTPU)RU\TPU\book\41050 
090 |a 40082 
100 |a 20020422d1992 m y0rusy50 ca 
101 0 |a rus 
102 |a RU 
105 |a a z 001zy 
200 1 |a Производство заготовок быстрорежущего инструмента в условиях сверхпластичности  |f А. Е. Гвоздев 
210 |a Москва  |c Машиностроение  |d 1992 
215 |a 175 с.  |c ил. 
320 |a Библиогр.: с. 163-173 
610 1 |a металлургия 
610 1 |a сталь быстрорежущая 
610 1 |a сверхпластичность 
610 1 |a заготовки 
610 1 |a производство 
675 |a 669.14.018.2  |v 3 
675 |a 621.9.02.0023  |v 3 
700 1 |a Гвоздев  |b А. Е.  |g Александр Евгеньевич 
801 1 |a RU  |b 63413507  |c 20020422  |g PSBO 
801 2 |a RU  |b 63413507  |c 20070305  |g PSBO 
942 |c BK